Statistics for [路線図付き] 京王電鉄 相模原線 駅名穴埋めクイズ

Click here to take the quiz!

General Stats

  • This quiz has been taken 30 times
  • The average score is 10 of 12

Answers on the Map

Answers color-coded by a green-red scale on the quiz's map according to % correct below.
 

Answer Stats

Answer% Correct
相模原線KO18調布
100%
相模原線KO41京王多摩センター
100%
相模原線KO45橋本
100%
相模原線KO43南大沢
92%
相模原線KO35京王多摩川
88%
相模原線KO36京王稲田堤
88%
相模原線KO40京王永山
88%
相模原線KO44多摩境
83%
相模原線KO38稲城
79%
相模原線KO37京王よみうりランド
75%
相模原線KO39若葉台
75%
相模原線KO42京王堀之内
54%

Score Distribution

Percentile by Number Answered

Percent of People with Each Score

Your Score History

You have not taken this quiz